00924cam a2200229 a 4500020001800000020001500018040000800033082002600041245008900067246006900156246006100225246004900286260005100335300003400386500003300420650003300453650001700486710001800503942000800521999001700529952014800546 a9781597180924 a1597180920 cBNG a614 STA 2011 C217 Or.00aStata survival analysis and epidemiological tables :breference manual : release 12.14aStata release 12 :bsurvival analysis and epidemiological tables18aStata 12 :bsurvival analysis and epidemiological tables30aSurvival analysis and epidemiological tables aCollege Station, Tex. :bStataCorp LP,cc2011. aiii, 554 p. ;bill. ;c24 cm. a"A Stata Press publication." 0aSurvival analysis (Biometry) 0aEpidemiology2 aStataCorp LP. cREC c22542d22542 0010406614_000000000000000_STA_2011_C217_OR70997003aLBCbLBCcC217d2024-01-15o614 STA 2011 C217 Or.pa19604r2024-01-15w2024-01-15yREC